000 00888nam a2200277 a 4500
001 000024543
005 20200930023229.0
008 110131s2003 sp r 000 f spa d
020 _a8489669724
040 _aDO-SdBNP
_bspa
_cBNPHU
041 1 7 _aeng
_hspa
_2Código de idioma MARC
082 _a813.5
_bD965j
100 1 _aDurrell, Lawrence,
_d1912-1990
_950301
240 1 0 _aJustine.
_lEspañol
245 1 0 _aJustine /
_cLawrence Durrell ; traducción de Aurora Bernárdez.
260 _aMadrid, (España) :
_bEl País,
_c2003.
300 _a312 p. ;
_c21 cm.
490 1 _aClásicos del Siglo XX
_v10
500 _aIncluye notas al pie de páginas
534 _aTítulo original :
_tJustine
650 4 _aNovela inglesa
_91071
650 4 _aLiteratura inglesa
_9498
700 1 _aBernárdez, Aurora
_etr.
_913434
830 0 _aClásicos del Siglo XX;
_v10
_939438
049 _aBNGR
999 _c24036
_d24036